Стохастический алгоритм моделирования для задач долгосрочного прогнозирования изменений ландшафтного покрова; Математическое моделирование; Т. 22, № 11

Bibliographic Details
Parent link:Математическое моделирование=Mathematical Models and Computer Simulations: научный журнал/ Российская академия наук (РАН).— , 1990-
Т. 22, № 11.— 2010.— С. 148-160
Main Author: Замятин А. В. Александр Владимирович
Summary:Рассмотрены особенности построения стохастического алгоритма моделирования для задач долгосрочного прогнозирования. Идентифицированы его элементы, негативно влияющие на предсказуемость процесса моделирования и увеличивающие вычислительные затраты. Предложены способы снижения вычислительных затрат алгоритма, основанные на выполнении преобразований с наиболее значимыми элементами матрицы ожидаемых переходов и позволяющие обеспечить априори заданный уровень точности. Приведен пример апробации алгоритма с использованием предложенных способов, демонстрирующий возможности многократного снижения вычислительных затрат при долгосрочном прогнозировании.
Language:Russian
Published: 2010
Subjects:
Format: MixedMaterials Book Chapter
KOHA link:https://koha.lib.tpu.ru/cgi-bin/koha/opac-detail.pl?biblionumber=533854

MARC

LEADER 00000naa2a2200000 4500
001 533854
005 20231101113200.0
035 |a (RuTPU)RU\TPU\prd\221578 
035 |a RU\TPU\prd\221577 
090 |a 533854 
100 |a 20140806a2010 k y0rusy50 ca 
101 0 |a rus 
102 |a RU 
200 1 |a Стохастический алгоритм моделирования для задач долгосрочного прогнозирования изменений ландшафтного покрова  |f А. В. Замятин 
320 |a Библиогр.: с. 160 (13 назв.) 
330 |a Рассмотрены особенности построения стохастического алгоритма моделирования для задач долгосрочного прогнозирования. Идентифицированы его элементы, негативно влияющие на предсказуемость процесса моделирования и увеличивающие вычислительные затраты. Предложены способы снижения вычислительных затрат алгоритма, основанные на выполнении преобразований с наиболее значимыми элементами матрицы ожидаемых переходов и позволяющие обеспечить априори заданный уровень точности. Приведен пример апробации алгоритма с использованием предложенных способов, демонстрирующий возможности многократного снижения вычислительных затрат при долгосрочном прогнозировании. 
461 0 |0 (RuTPU)RU\TPU\prd\1607  |t Математическое моделирование  |l Mathematical Models and Computer Simulations  |o научный журнал  |f Российская академия наук (РАН)  |d 1990- 
463 0 |0 (RuTPU)RU\TPU\prd\94217  |t Т. 22, № 11  |v С. 148-160  |d 2010 
610 1 |a труды учёных ТПУ 
700 1 |a Замятин  |b А. В.  |c специалист в области информатики и вычислительной техники  |c доцент Томского политехнического университета, доктор технических наук  |f 1978-  |g Александр Владимирович  |2 stltpush  |3 (RuTPU)RU\TPU\pers\25542 
801 1 |a RU  |b 63413507  |c 20091001 
801 2 |a RU  |b 63413507  |c 20140806  |g RCR 
942 |c BK